<?xml version="1.0" encoding="UTF-8"?><?xml-stylesheet type="text/xsl" href="static/style.xsl"?><OAI-PMH xmlns="http://www.openarchives.org/OAI/2.0/" xmlns:xsi="http://www.w3.org/2001/XMLSchema-instance" xsi:schemaLocation="http://www.openarchives.org/OAI/2.0/ http://www.openarchives.org/OAI/2.0/OAI-PMH.xsd"><responseDate>2026-04-13T00:50:36Z</responseDate><request verb="GetRecord" identifier="oai:www.recercat.cat:2445/114869" metadataPrefix="marc">https://recercat.cat/oai/request</request><GetRecord><record><header><identifier>oai:recercat.cat:2445/114869</identifier><datestamp>2025-12-04T22:35:00Z</datestamp><setSpec>com_2072_1057</setSpec><setSpec>col_2072_478917</setSpec><setSpec>col_2072_478931</setSpec></header><metadata><record xmlns="http://www.loc.gov/MARC21/slim" xmlns:dcterms="http://purl.org/dc/terms/" xmlns:xsi="http://www.w3.org/2001/XMLSchema-instance" xmlns:doc="http://www.lyncode.com/xoai" xsi:schemaLocation="http://www.loc.gov/MARC21/slim http://www.loc.gov/standards/marcxml/schema/MARC21slim.xsd">
   <leader>00925njm 22002777a 4500</leader>
   <datafield ind2=" " ind1=" " tag="042">
      <subfield code="a">dc</subfield>
   </datafield>
   <datafield ind2=" " ind1=" " tag="720">
      <subfield code="a">Oda Montecinos, Camila</subfield>
      <subfield code="e">author</subfield>
   </datafield>
   <datafield ind2=" " ind1=" " tag="720">
      <subfield code="a">Saldaña García, Carmina</subfield>
      <subfield code="e">author</subfield>
   </datafield>
   <datafield ind2=" " ind1=" " tag="720">
      <subfield code="a">Andrés, Ana</subfield>
      <subfield code="e">author</subfield>
   </datafield>
   <datafield ind2=" " ind1=" " tag="260">
      <subfield code="c">2017-09-01T08:19:26Z</subfield>
   </datafield>
   <datafield ind2=" " ind1=" " tag="260">
      <subfield code="c">2017-09-01T08:19:26Z</subfield>
   </datafield>
   <datafield ind2=" " ind1=" " tag="260">
      <subfield code="c">2015-08</subfield>
   </datafield>
   <datafield ind2=" " ind1=" " tag="260">
      <subfield code="c">2017-09-01T08:19:26Z</subfield>
   </datafield>
   <datafield ind2=" " ind1=" " tag="520">
      <subfield code="a">Objetivos: Caracterizar el comportamiento alimentario cotidiano de una muestra de población adulta chilena, en función del Índice de Masa Corporal (IMC) y el género de los participantes, así como analizar la posible relación de estas variables con comportamientos alimentarios anómalos. Métodos: 657 participantes (437 mujeres y 220 hombres de 18 a 64 años) fueron evaluados con una batería de cuestionarios autoadministrados. El IMC promedio fue 25,50 kg/m2 (24,96 kg/m2 mujeres y 26,58 kg/m2 hombres), siendo el IMC promedio de los hombres significativamente mayor y ubicándose el promedio total y el del grupo de hombres en el rango de sobrepeso. Resultados: los participantes con sobrepeso (IMC≥25 kg/m2), en comparación con el grupo de normopeso, tendían a realizar con mayor frecuencia las siguientes conductas: saltarse comidas, seguir dietas, comer menos comida casera, comer rápido y grandes cantidades; además de realizar más conductas alimentarias anómalas de distintos tipos y puntuar más en las escalas clínicas que evaluaban restricción alimentaria y sobreingesta. Los hombres mostraban significativamente más conductas alimentarias vinculadas a la sobreingesta, mientras que las mujeres realizaban más conductas relacionadas con la restricción alimentaria y la ingesta emocional. Discusión: los resultados obtenidos sugieren que, además de 'qué' se come, el 'cómo' se come, en términos de conductas específicas, puede estar incidiendo en el incremento acelerado del exceso de peso de la población chilena.</subfield>
   </datafield>
   <datafield tag="653" ind2=" " ind1=" ">
      <subfield code="a">Hàbits alimentaris</subfield>
   </datafield>
   <datafield tag="653" ind2=" " ind1=" ">
      <subfield code="a">Obesitat</subfield>
   </datafield>
   <datafield tag="653" ind2=" " ind1=" ">
      <subfield code="a">Xile</subfield>
   </datafield>
   <datafield tag="653" ind2=" " ind1=" ">
      <subfield code="a">Food habits</subfield>
   </datafield>
   <datafield tag="653" ind2=" " ind1=" ">
      <subfield code="a">Obesity</subfield>
   </datafield>
   <datafield tag="653" ind2=" " ind1=" ">
      <subfield code="a">Chile</subfield>
   </datafield>
   <datafield ind2="0" ind1="0" tag="245">
      <subfield code="a">Comportamientos alimentarios cotidianos y anómalos en una muestra comunitaria de adultos chilenos</subfield>
   </datafield>
</record></metadata></record></GetRecord></OAI-PMH>